| 000 | 00656nam a2200241 u 4500 | ||
|---|---|---|---|
| 001 | 779658 | ||
| 005 | 20260506093310.0 | ||
| 008 | 021011s1995 eng | ||
| 020 | _a0030973023 | ||
| 035 | _a779658 | ||
| 035 | _a(OCoLC)777846696 | ||
| 040 | _ccomduadb | ||
| 041 | _aeng | ||
| 082 | 4 | _a531 | |
| 100 | 1 | 0 |
_aMarion, Jerry Baskerville _4aut _eaut _9473105 |
| 245 | 1 | 0 | _aClassical dynamics of particles and systems |
| 250 | _a4. ed. | ||
| 260 |
_aEstados Unidos : _bThomson Learning, _c1995. |
||
| 300 | _a638 páginas | ||
| 650 | 7 |
_aDinámica _2lemb _961963 |
|
| 700 | 1 | 0 |
_aThornton, Stephen T. _4aut _eaut _9364394 |
| 942 | _cBOOK | ||
| 999 |
_c257011 _d257011 |
||